| 000 | 00455nam a2200169Ia 4500 | ||
|---|---|---|---|
| 999 |
_c28474 _d28474 |
||
| 003 | OSt | ||
| 005 | 20201111102716.0 | ||
| 008 | 190216s9999||||xx |||||||||||||| ||und|| | ||
| 040 | _coclc | ||
| 082 |
_a894.8123 _bKOC/J |
||
| 100 |
_aKochubava, T V _96443 |
||
| 245 | 0 |
_aJaathakam / _cT V Kochubava |
|
| 260 |
_bPen Books, _aAluva: _c2009. |
||
| 300 | _a93p | ||
| 650 | _aNovel | ||
| 942 |
_cBK _2ddc _h894.8123 _iKOC/J _k894.8123 _mKOC/J |
||